| 000 | 00351 a2200121 4500 | ||
|---|---|---|---|
| 001 | ART_11397 | ||
| 005 | 20260410161857.0 | ||
| 008 | 260409a | ||
| 245 | 1 | 0 | _aDemocracia política y presupuesto |
| 100 | 1 | _aBarone, Sergio | |
| 700 | 1 | _aSonnet, Fernando H. | |
| 773 | 0 |
_tRevista de Economía _g- Nº 61 (oct./dic. 1990) _wREV11077 |
|
| 999 |
_c25534 _d25534 |
||